000 00404cam a2200169ua 4500
020 _c0.60
041 _amal
_h
082 _a894.812301
_bTOL/BH
100 _aTolstoy, Leo.
245 _aBharatante diary /
_cLeo Tolstoy.
_hTextual Documents
260 _aChampakulam :
_bB.K.M Book Depot ,
_c1958.
300 _a52 ; .
365 _a0.60
504 _a
942 _cBK
999 _c11373
_d11373